Score 0/20 Timer 05:00
4 Plays Today
Question Answer Wrong Answers
Yogi's Gang Yogi's Gang
96.7%
The Amazing Chan and the Chan Clan
0.3%
Valley of the Dinosaurs
0.4%
The Pebbles and Bamm-Bamm Show
0.3%
Scooby-Doo, Where Are You! Scooby-Doo, Where Are You!
95.9%
Goober and the Ghost Chasers
1.3%
Captain Caveman and the Teen Angels
0.2%
Help!... It's the Hair Bear Bunch!
0.5%
The Pebbles and Bamm-Bamm Show The Pebbles and Bamm-Bamm Show
95.7%
The Amazing Chan and the Chan Clan
0.6%
Yogi's Gang
0.5%
Valley of the Dinosaurs
0.8%
Casper and the Angels Casper and the Angels
94.9%
Wheelie and the Chopper Bunch
0.4%
Speed Buggy
0.5%
Josie and the Pussycats
1.8%
Underdog Underdog
93.7%
Hong Kong Phooey
1.1%
Deputy Dawg
0.4%
Dynomutt, Dog Wonder
2.4%
Captain Caveman and the Teen Angels Captain Caveman and the Teen Angels
93%
Goober and the Ghost Chasers
2.1%
Scooby-Doo, Where Are You!
0.2%
Help!... It's the Hair Bear Bunch!
2.2%
Inch High, Private Eye Inch High, Private Eye
93%
Misterjaw
1.6%
The Oddball Couple
1.5%
Buford and the Galloping Ghost
1.4%
Help!... It's the Hair Bear Bunch! Help!... It's the Hair Bear Bunch!
92.9%
Goober and the Ghost Chasers
2%
Captain Caveman and the Teen Angels
2.5%
Scooby-Doo, Where Are You!
0.2%
The Amazing Chan and the Chan Clan The Amazing Chan and the Chan Clan
92.6%
Yogi's Gang
0.3%
Valley of the Dinosaurs
3.7%
The Pebbles and Bamm-Bamm Show
0.8%
Hong Kong Phooey Hong Kong Phooey
91.2%
Underdog
2%
Deputy Dawg
3.5%
Dynomutt, Dog Wonder
0.9%
Valley of the Dinosaurs Valley of the Dinosaurs
90.6%
The Amazing Chan and the Chan Clan
0.3%
Yogi's Gang
0.2%
The Pebbles and Bamm-Bamm Show
6.6%
Josie and the Pussycats Josie and the Pussycats
90.6%
Wheelie and the Chopper Bunch
1.2%
Casper and the Angels
4.4%
Speed Buggy
1.6%
Speed Buggy Speed Buggy
88.3%
Wheelie and the Chopper Bunch
9%
Casper and the Angels
0.2%
Josie and the Pussycats
0.2%
Misterjaw Misterjaw
87.4%
Inch High, Private Eye
2%
The Oddball Couple
2.6%
Buford and the Galloping Ghost
5.4%
Dynomutt, Dog Wonder Dynomutt, Dog Wonder
87.1%
Underdog
6.4%
Hong Kong Phooey
2.9%
Deputy Dawg
1.1%
Goober and the Ghost Chasers Goober and the Ghost Chasers
84.2%
Captain Caveman and the Teen Angels
4.9%
Scooby-Doo, Where Are You!
0.9%
Help!... It's the Hair Bear Bunch!
7.6%
The Oddball Couple The Oddball Couple
82.4%
Inch High, Private Eye
4.6%
Misterjaw
8.1%
Buford and the Galloping Ghost
2.4%
Buford and the Galloping Ghost Buford and the Galloping Ghost
80.6%
Inch High, Private Eye
4.3%
Misterjaw
2.3%
The Oddball Couple
10.2%
Deputy Dawg Deputy Dawg
70.9%
Underdog
3.8%
Hong Kong Phooey
4.4%
Dynomutt, Dog Wonder
18.6%
Wheelie and the Chopper Bunch Wheelie and the Chopper Bunch
65.8%
Casper and the Angels
0.5%
Speed Buggy
29.4%
Josie and the Pussycats
1.9%
Remove Ads.
Support Sporcle.
Get the best of Sporcle when you Go Orange. This ad-free experience offers more features, more stats, and more fun while also helping to support Sporcle. Thank you for becoming a member.

You're not logged in!

Compare scores with friends on all Sporcle quizzes.
OR
Log In

Show Comments

Extras

Top Quizzes Today


Score Distribution

Your Account Isn't Verified!

In order to create a playlist on Sporcle, you need to verify the email address you used during registration. Go to your Sporcle Settings to finish the process.

Report this User

Report this user for behavior that violates our Community Guidelines.

Details: